01570nam a2200289 i 4500003000500000005001700005008004100022022001400063040002500077245010800102264008700210300004200297336002100339337002500360338002400385490003800409504004000447505047800487546001700965650005300982650004301035650003601078650004901114650005201163650003401215700003101249CSPC20260323164936.0260314c2014 ph r p i 00 0 eng d a1908-3297 aCSPCbengcCSPCerda00aRegional integration, inclusive growth, and poverty :benhancing employment opportunities for the poor. 1a Makati City, Philippines :bPhilippine Institute for Development Studies, c2014. avolumes : billustrations ; c23 cm.  2rdacontentatext 2rdamediaaunmediated 2rdacarrieravolumes 1aResearch paper series no. 2014-01 aIncludes bibliographical references0 aIntroduction -- Regional economic integration and its impacts on the Philippines -- Track record in poverty reduction -- Objectives of the paper -- Regional economic integration: Generating employment opportunities for the poor -- Subsectors affected by regional economic integration -- Absorption of less-educated workers in selected subsectors -- Labpr supply from the poor -- Conclusion and reccommendations -- Summary and conclusions -- Reccomendations -- References.  a In English. 0aEconomic developmentxPeriodicals. zPhilippines 0aEmploymentxPeriodicals. zPhilippines 0aInclusive growthxPeriodicals.  0aRegional economic integrationxPeriodicals.  0aIncome distributionxPeriodicals. zPhilippines 0aPoorvEmploymentzPhilippines1 aReyes, Celia M., eeditor.